Outstanding leadership : real-life lesson from top business leaders

Bibliographic Details
Other Authors: Sutton, Sarah
Format: Book
Published: London : BBC Books , 2005
Subjects:

MARC

LEADER 00000cam a2200000 7i4500
001 0000025550
005 20090305.0
008 090305
020 |a 056351938X 
090 0 0 |a 658.4092   |b OUT 
245 1 0 |a Outstanding leadership :   |b real-life lesson from top business leaders   |c editor by Sarah Sutton 
260 |a London :   |b BBC Books ,   |c 2005 
650 0 |a Finance   |x vocational guidance 
650 0 |a Leadership 
700 1 |a Sutton, Sarah 
999 |a 0001039295   |b Book   |c Adult Collection   |e Perbadanan Perpustakaan Awam Johor